Sprachbrücke. deutsch als Fremdsprache : arbeitsheft Lektionen 8-11 / 1 :
Uložené v:
| Hlavní autori: | , , |
|---|---|
| Médium: | Kniha |
| Jazyk: | German |
| Vydané: |
Praha :
SPN,
1991
|
| Vydanie: | 1. Aufl. |
| Edícia: | Jazykové učebnice pro veřejnost
|
| ISBN: |
8004550487 (brož.) 8004259405 (brož.) |
| Fyzický popis: |
77 s. |
| Tagy: |
Pridať tag
Žiadne tagy, Buďte prvý kto otaguje tento záznam!
|
Titul je dostupný aj v ... 

MARC
| LEADER | 00000nam a2200000 a 4500 | ||
|---|---|---|---|
| 001 | 000205193 | ||
| 005 | 20060602134929.0 | ||
| 008 | 060420s1991 xr e 000 0 gero | ||
| 020 | |a 8004550487 (brož.) | ||
| 020 | |a 8004259405 (brož.) | ||
| 040 | |a SVKKK |b slo |c SVKKK |e AACR2 | ||
| 041 | 0 | |a ger | |
| 044 | |a xr |c CZ | ||
| 100 | 1 | |a Abel, Brigitte |4 aut | |
| 245 | 1 | 0 | |a Sprachbrücke. |n 1 : |b deutsch als Fremdsprache : arbeitsheft Lektionen 8-11 / |c Brigitte Abel, Peter Bimmel, Eva Maria Jenkins |
| 250 | |a 1. Aufl. | ||
| 260 | |a Praha : |b SPN, |c 1991 | ||
| 300 | |a 77 s. | ||
| 440 | 0 | |a Jazykové učebnice pro veřejnost | |
| 700 | 1 | |a Bimmel, Peter |4 aut | |
| 700 | 1 | |a Jenkins, Eva-Maria |4 aut | |
| 910 | |a svkkk | ||
| 919 | |a 80-04-55048-7 | ||
| 919 | |a 80-04-25940-5 | ||
| 998 | |a BK | ||
| 090 | |g SCKHL |k Sklad Pribinova 3. posch. |a V.176338 |j 828387 |i 2720983973 |s Povinný výt. | ||